00523 2200181 4500001002100000008004100021035002000062245006800082100003000150260003600180300002100216020001800237084001800255082001000273650001400283990002200297990002200319INLIS000000000002768 ind  a0010-0425000124 aPicture dictionary kamus bergambar :cTim Bina Sumber Daya MIPA aTim Bina Sumber Daya MIPA a-bBina Sumber Daya MIPA,c2008 a214 hlm.c17 cm. a979-461-109-3 aR 413.1 Tim p a413.1 aReferensi a718/R/SMPN7SBY/17 a718/R/SMPN7SBY/17